000 00204 a2200097 4500
001 14707
100 _aM Asad
245 _aIslam at the crossroad
260 _aLondon
_bM Ashraf
_c
090 _c11492
_d11492
942 _aNUST-CAE
_cM
_c1661
999 _c249780
_d249780